000 00366nam a22001577a 4500
003 MPLRDC
005 20220104123441.0
008 210129b ||||| |||| 00| 0 eng d
082 _a528.953 LXH
100 _a李显辉编
245 _a现代女子网球
_c
260 _a
_b宝威图书公司
_c
300 _b
650 _a网球
942 _cBK
_o528.953 LXH
999 _c11524
_d11514